Ч. 1; Теоретическая социология; Социология и социальные науки; Определение моральных факторов; Основные социологические понятия; "Объективность" социально-научного и социально-политического познания; Общность и общество; Социалистические системы; Как возможно общество?; Общение. Пример чистой, или формальной, социологии; Социология знания; Экология человека; Конкуренция; Конфликт; Аккомодация; Ассимиляция

Bibliografski detalji
Parent link:Теоретическая социология: Антология/ Московская высшая школа социальных и экономических наук; Институт социологии РАН; Центр фундаментальной социологии; Под ред. С. П. Баньковской. Ч. 1.— , 2002-.— 5-8013-0046-5
Jezik:ruski
Izdano: 2002
TOC:Социология и социальные науки;
Э. Дюркгейм, Определение моральных факторов;
Основные социологические понятия;
М. Вебер, "Объективность" социально-научного и социально-политического познания;
Ф. Теннис, Общность и общество;
В. Парето, Социалистические системы;
Как возможно общество?;
Г. Зиммель, Общение. Пример чистой, или формальной, социологии;
М. Шелер, Социология знания;
Экология человека;
Конкуренция;
Конфликт;
Аккомодация;
Р. Э. Парк, Ассимиляция;
Teme:
Format: Knjiga
KOHA link:https://koha.lib.tpu.ru/cgi-bin/koha/opac-detail.pl?biblionumber=43097

MARC

LEADER 00000nam2a2200000 4500
001 43097
005 20231101210808.0
010 |a 5801301518 
035 |a (RuTPU)RU\TPU\book\44494 
090 |a 43097 
100 |a 20020925d2002 km y0rusy50 ca 
101 2 |a rus  |b eng  |b fre  |b ger  |b ita 
102 |a RU 
105 |a y z 000zy 
200 0 |a Ч. 1 
210 |d 2002 
215 |a 424 с.  |c ил. 
461 1 |0 (RuTPU)RU\TPU\book\45415  |y 5-8013-0046-5  |t Теоретическая социология  |o Антология  |o Пер. с англ., фр., нем., итал.  |f Московская высшая школа социальных и экономических наук; Институт социологии РАН; Центр фундаментальной социологии; Под ред. С. П. Баньковской  |v Ч. 1  |d 2002- 
464 |t Социология и социальные науки 
464 |t Определение моральных факторов  |f Э. Дюркгейм 
464 |t Основные социологические понятия 
464 |t "Объективность" социально-научного и социально-политического познания  |f М. Вебер 
464 |t Общность и общество  |f Ф. Теннис 
464 |t Социалистические системы  |f В. Парето 
464 |t Как возможно общество? 
464 |t Общение. Пример чистой, или формальной, социологии  |f Г. Зиммель 
464 |t Социология знания  |f М. Шелер 
464 |t Экология человека 
464 |t Конкуренция 
464 |t Конфликт 
464 |t Аккомодация 
464 |t Ассимиляция  |f Р. Э. Парк  |a Парк, Роберт Эрза 
606 1 |a Социология  |2 stltpush  |3 (RuTPU)RU\TPU\subj\67656  |9 83377 
610 1 |a теория 
610 1 |a общество 
610 1 |a социальные науки 
610 1 |a социалистические системы 
610 1 |a антологии 
610 1 |a хрестоматии 
686 |a С5  |v LBC/SL-A  |2 rubbk 
801 1 |a RU  |b 63413507  |c 20020925  |g PSBO 
801 2 |a RU  |b 63413507  |c 20201218  |g PSBO 
942 |c BK